| 000 | 00553nam a2200169 i 4500 | ||
|---|---|---|---|
| 001 | 36395 | ||
| 003 | ES-MaACL | ||
| 005 | 20230906155348.0 | ||
| 007 | t| | ||
| 008 | 030218q1905 fr ||||1| fre d | ||
| 100 | 1 |
_aBuhl, Frants. _932450 |
|
| 245 | 1 | 3 |
_aLa societé Israèlite d'apres l'aneient testament / _cFrants Buhl ; traduit et adapte de l'allemand par Bertrand de Cuitré. |
| 260 |
_a[S.l. : _bs.n., _c1905?] ( _ePoitiers : _fBlass et Roy) |
||
| 300 |
_a220 p. ; _c19 cm. |
||
| 700 | 1 |
_aCuitré, Bertrand de. _942122 |
|
| 852 |
_aES-MaACL _jF-2939 |
||
| 999 |
_c36395 _d36395 |
||